00694cam a2200217 4500008004100000020002200041100002500063245011100088250001300199260004400212300005400256500002000310504002900330650001500359700002700374700002200401700002600423003000100449005001700450040000900467  a0683020730 (hbk.)1 aBailey, Frederick R.10aBailey's textbook of histology /c[by] Wilfred M. Copenhaver , Richard P. Bunge [and] Mary Bartlett Bunge. a16th ed. aBaltimore :bWilliams & Wilkins,c1971. axv, 745 p. :billustrations (some col.) ;c27 cm. aIncludes index. aIncludes bibliographies. 0aHistology.1 aCopenhaver, Wilfred M.1 aBunge, Richard P.1 aBunge, Mary Bartlett.20230123141129.0 cNUST